The great race : the story of the Chinese zodiac

Bibliographic Details
Main Author: Casey, Dawn
Other Authors: Wilson, Anne
Format: Book
Published: United States : Barefoot Books , 2006
Subjects:

MARC

LEADER 00000cam a2200000 7i4500
001 0000028916
005 20220105104044.0
008 100120
020 |a 1905236778 
090 0 0 |a JP   |b ENG 
100 1 |a Casey, Dawn 
245 1 0 |a The great race :   |b the story of the Chinese zodiac   |c Dawn Casey 
260 |a United States :   |b Barefoot Books ,   |c 2006 
500 |a Children age 4-6 years old (yellow) 
650 0 |a Animals   |x folklore 
650 0 |a Astrology, Chinese   |x juvenile literature 
650 0 |a Folklore   |z China 
650 0 |a Zodiac   |x folklore 
700 1 |a Wilson, Anne 
999 |a 0001057989   |b Book   |c Children Collection   |e Cawangan Muar 
999 |a 0001057990   |b Book   |c Children Collection   |e Perbadanan Perpustakaan Awam Johor 
999 |a 0001057991   |b Book   |c Children Collection   |e Perbadanan Perpustakaan Awam Johor